000 00563nam a22001577a 4500
999 _c535522
_d535522
020 _qHard Cover.
082 _a624.1
100 _aAhmed bin Mushtaq, Khalil
245 _aConsultancy contract management system in public sector organizations in Pakistan /
_cKhalil Ahmad bin Mushtaq.
260 _aIslamabad:
_bNIT NUST,
_c2012.
300 _a131 p. :
_bill. ;
_c30cm.
942 _2ddc
_cTHE
650 _aConstruction Engineering and Management MS-Thesis.
_917023
700 _aDr. Rafiq Muhammad
_929461